00677nam a22000977a 4500008004100000010001200041245010500053260000900158500008300167500032900250110607t xxu||||| |||| 00| 0 eng d aSCCAF10 aSuprime Court Civil Appeal No.4 1999 Habre International Co. Ltd vs Ebrahim Alakia Kassam and others c1999 aCORAM: Wambuzi C.J., Karokora , Mulenga Kanyeimba, Mukasa Kikonyogo, J.J.S.C.  aAppeal from the judgment /Decree of the court of Appeal before Justice Mayindo D.C.J Okello and Engwau , JJA,dated 2 December 1998 in Civil Appeal No. 4 of 1997 arising from the Judgment and Decree of high court of Uganda by Justice Mpagi - Bahigeine, J. dated 9 January 1996 in High Court Civil Suit No. 199 of1992